000 00344nam a2200145Ia 4500
008 150201s2006 xx 000 0 und d
082 _a617.96
_bS06D
100 _aDEVIS,N J H
245 _aLEE,S SYNOPSIS OF ANAESTHESIA
250 _a12TH
260 _bELSEVIER
_aDELHI
_c2006
300 _a1-948
650 _aANAESTHESIOLOGY
942 _2ddc
_cBK
999 _c418
_d418